Greek Logos With Text Removed 2 - Statistics

General Stats
  • This quiz has been taken 3 times
  • The average score is 7 of 16
Answer Stats
Picture Answer % Correct
Bic
100%
Αρκτούρος
67%
Πίτα Παν
67%
Μπάρμπα Στάθης
67%
Nova
67%
ΑΓΕΤ Ηρακλής
33%
Απέλιστρα
33%
Κρι Κρι
33%
Μινέττα Ασφαλιστική Εταιρεία
33%
Λούξ
33%
Μέτροπολιταν
33%
Ελβο
33%
Βουλή Των Ελλήνων
33%
Ολύμπος
33%
Μινέρβα
33%
Kerafina
33%
No matching quizzes found
Score Distribution
Percent of People with Each Score
Percentile by Number Answered
Your Score History
You have not taken this quiz